Tribhuvan University Central Library

सङ्कटग्रस्त नेपाल अस्तित्वको खोजीमाः (Record no. 93468)

MARC details
000 -LEADER
fixed length control field 00697nam a22001817a 4500
008 - FIXED-LENGTH DATA ELEMENTS--GENERAL INFORMATION
fixed length control field 200213b xxu||||| |||| 00| 0 eng d
020 ## - INTERNATIONAL STANDARD BOOK NUMBER
International Standard Book Number 9993304255
082 ## - DEWEY DECIMAL CLASSIFICATION NUMBER
Classification number N303.6
Item number Po377s
100 ## - MAIN ENTRY--PERSONAL NAME
Personal name Poudyal, Durga prasad
241 ## - ROMANIZED TITLE (BK AM CF MP MU VM)
Romanized title Sangkatgrasta Nepal:Astitwa ko khojima
245 ## - TITLE STATEMENT
Title सङ्कटग्रस्त नेपाल अस्तित्वको खोजीमाः
Remainder of title विश्लेषण र विचारहरुको सँगालो
260 ## - PUBLICATION, DISTRIBUTION, ETC.
Place of publication, distribution, etc. Kathmandhu:
Name of publisher, distributor, etc. Ratna pustak bhandar,
Date of publication, distribution, etc. 2060.B.S.
300 ## - PHYSICAL DESCRIPTION
Extent 171p.;illus.
504 ## - BIBLIOGRAPHY, ETC. NOTE
Bibliography, etc. note Bibliography .At the end of chapter.
650 ## - SUBJECT ADDED ENTRY--TOPICAL TERM
Topical term or geographic name entry element Socila science
650 ## - SUBJECT ADDED ENTRY--TOPICAL TERM
Topical term or geographic name entry element Conflict & resolution
942 ## - ADDED ENTRY ELEMENTS (KOHA)
Source of classification or shelving scheme Dewey Decimal Classification
Koha item type ISBN
Holdings
Withdrawn status Lost status Source of classification or shelving scheme Damaged status Not for loan Home library Current library Date acquired Total Checkouts Full call number Barcode Date last seen Price effective from Koha item type
    Dewey Decimal Classification     Tribhuvan University Central Library Tribhuvan University Central Library 02/13/2020   N303.6 Po377s IS3528 02/13/2020 02/13/2020 ISBN